000 00594nam a22002055i 4500
001 14201
003 ES-MaACL
005 20230906150738.0
007 t|
008 911115s1989 sp ||||0| spa j
040 _aM-BN
_bspa
_cM-BN
080 _a860-31"19"
100 1 _aRabinad, Antonio.
_994864
245 1 0 _aAntonio Rabinad.
260 _a[Málaga :
_bCentro Cultural de la Generación del 27],
_cD.L. 1989.
300 _a[12] p. :
_b1 retr. ;
_c23 cm.
504 _aBibliografía.
710 2 _aCentro Cultural Generación del 27.
_92582
852 _aES-MaACL
_j2153-F-20
_bR.117336
999 _c14201
_d14201